000 00804nam a2200229 a 4500
001 BRCA_4547
005 20190320204719.0
008 220910c1921----enka######---#000-0#eng-#
041 _aeng
044 _aenk
050 4 _aNK8404
_b.M37 1921
100 1 _aMasse M. A., H. J. L. J.
_qHenri Jean Louis Joseph
_911516
245 1 0 _aThe Pewter Collector
_bA Guide to English Pewter with some reference to foreign work
_cby H. J. L. J. Massé M. A.
260 _aLondres
_bHerbert Jenkins
_c1921
300 _axiii, 314 p.
_bil.
_c19 cm.
440 0 _aThe collectors series
_911517
500 _aIncluye índice de ilustraciones y glosario e índice alfabético de artistas del peltre y marcas
500 _aD20
650 1 4 _aPeltre
_xColeccionistas y colecciones
_911518
902 _aGFM
942 _2lcc
_cB
999 _c4253
_d4253